| 000 | 00561nam a22001577a 4500 | ||
|---|---|---|---|
| 003 | OSt | ||
| 005 | 20150930143846.0 | ||
| 008 | 150927b xxu||||| |||| 00| 0 eng d | ||
| 040 | _cRUA | ||
| 082 | _aAGR PHO 1999 B024 Or.1 | ||
| 100 |
_91426 _aPHOEUK, CHEAT. |
||
| 245 | _aA comparison of bait attractivenss to rice bugs, ការប្រៀបធៀប នៃការទាក់ទញរបស់នុយផ្សេងៗចំពោះស្រឹងស្រូវ | ||
| 260 |
_aPhnom Penh _bRUA _c1999 |
||
| 300 |
_a41p. _bill. _c29cm. |
||
| 942 |
_2ddc _cAGR |
||
| 999 |
_c1341 _d1341 |
||